000 00323nam a22001217a 4500
082 _a823
_bDIS/L
100 _aEGMONT EHAPA MEDIA GMPH
245 _aLUSTIGES TASCHENBUCH
_bFRENCH SHORT STORY
246 _aLUSTIGES TASCHENBUCH
_bFRENCH SHORT STORY
520 _aFRENCH SHORT STORY
650 _aFRENCH SHORT STORY
942 _cBK
999 _c2078
_d2078